| 000 | 00744nas a2200265 4500 | ||
|---|---|---|---|
| 001 | BR8402519 | ||
| 003 | BR-BrBNA | ||
| 005 | 20231205085918.0 | ||
| 007 | ta | ||
| 008 | 230509b bl.|||p| |||| 00| 00por d | ||
| 040 |
_aBR-BrBNA _bpor _cBiblioteca Nacional de Agricultura |
||
| 041 | _a(Pt) | ||
| 072 | _aL20 | ||
| 100 | 1 | _aPortas, A. de A. | |
| 245 | 1 | _aSUÍNOcultura em clima tropical | |
| 650 | _aSUÍNO | ||
| 650 | _aCOMPORTAMENTO ANIMAL | ||
| 650 | _aTEMPERATURA | ||
| 650 | _aHABITAT | ||
| 650 | _aCONDICAO AMBIENTAL | ||
| 650 | _aZONA TROPICAL | ||
| 773 | 0 |
_tRevista dos Criadores (Brazil) _xISSN 0034-9259 _g(Aug 1984), v. 54(655) p. 130-134 _wBR8402519 |
|
| 909 |
_a202311 _bLúcia _c55 _dLúcia Elande |
||
| 942 |
_2AGRIS _n0 _cANA |
||
| 999 |
_c114726 _d114726 |
||